000 00402nam a22001217a 4500
008 160311b xxu||||| |||| 00| 0 eng d
020 _a226103455
100 _aJohn Miller Chernoff
245 _aAfrican Rhythm And African Sensibility
_bAesthetics and social action in african musical idioms
260 _aUSA
_bUniversity of Chicago
_c1978
300 _axv,261p
_bill
942 _2lcc
_cRES
_kML3760.C48 1978
999 _c15732
_d15732